[Event "WchT Seniors 50"]
[Site "Rhodes"]
[Date "2019.04.23"]
[Round "8.4"]
[White "Movsziszian, Karen"]
[Black "Neave, George"]
[Result "1-0"]
[WhiteElo "2485"]
[BlackElo "2101"]
[PlyCount "89"]
[EventDate "2019.04.16"]
[EventType "team-swiss"]
[EventRounds "9"]
[EventCountry "GRE"]
[SourceTitle "CBM 190 Extra"]
[Source "ChessBase"]
[SourceDate "2019.07.15"]
[SourceVersion "1"]
[SourceVersionDate "2019.07.15"]
[SourceQuality "1"]
[WhiteTeam "Armenia"]
[BlackTeam "Scotland"]
[WhiteTeamCountry "ARM"]
[BlackTeamCountry "SCO"]

1. g3 c5 2. Bg2 g6 3. f4 d5 4. d3 Nf6 5. Nf3 Nc6 6. 0-0 Bg7 7. c3 0-0 8. Na3 Re8 9. Ne5 Qc7 10. Nxc6 Qxc6 11. c4 e6 12. Qc2 b6 13. Bd2 Bb7 14. Rae1 a6 15. e4 dxe4 16. dxe4 Ng4 17. Re2 Bd4+ 18. Kh1 Qc7 19. h3 Nf6 20. Qb3 Nd7 21. Nc2 Bg7 22. a4 Rab8 23. Ne3 Bc6 24. Qc2 b5 25. axb5 axb5 26. e5 Nb6 27. Ba5 Qb7 28. Bxb6 Qxb6 29. Rd1 Red8 30. Red2 Bxg2+ 31. Kxg2 Rxd2+ 32. Rxd2 Bf8 33. Qe4 Rd8 34. Rxd8 Qxd8 35. cxb5 Qd2+ 36. Kf3 Qxb2 37. Qc6 Qa1 38. Kg2 Qb2+ 39. Kf3 Qa1 40. h4 Qh1+ 41. Kf2 Qc1 42. b6 c4 43. b7 Qb2+ 44. Kf3 Qb1 45. Qc8 1-0

[Event "Dundee & Angus op"]
[Site "Dundee"]
[Date "2015.10.11"]
[Round "5"]
[White "Neave, George"]
[Black "Romilly, Peter J"]
[Result "1/2-1/2"]
[WhiteElo "2130"]
[BlackElo "2057"]
[PlyCount "61"]
[EventDate "2015.10.09"]
[EventType "swiss"]
[EventRounds "5"]
[EventCountry "SCO"]
[SourceTitle "EXT 2023"]
[Source "ChessBase"]
[SourceDate "2022.10.05"]
[SourceVersion "1"]
[SourceVersionDate "2022.10.05"]
[SourceQuality "1"]

1. e4 c5 2. Nf3 e6 3. d4 cxd4 4. Nxd4 Nc6 5. Nc3 Qc7 6. Be3 a6 7. Qd2 Nf6 8. 0-0-0 Bb4 9. f3 Ne5 10. Nb3 d5 11. Bd4 Ned7 12. Qg5 h6 13. Qh4 e5 14. Nxd5 Nxd5 15. exd5 exd4 16. Qxd4 Bf8 17. d6 Qb6 18. Qe4+ Kd8 19. Qf4 f6 20. Bc4 Ne5 21. Rhe1 Bd7 22. Rxe5 fxe5 23. Qxe5 Rc8 24. Be6 Qc6 25. Nd4 Qc5 26. Qe4 Bc6 27. Qe2 Bxd6 28. Bxc8 Kxc8 29. Nxc6 Bf4+ 30. Kb1 Qxc6 31. g3 1/2-1/2

[Event "EU-Cup 29th"]
[Site "Rhodes"]
[Date "2013.10.25"]
[Round "6.3"]
[White "Neave, George"]
[Black "Sadiku, Bedri"]
[Result "0-1"]
[WhiteElo "2151"]
[BlackElo "2267"]
[PlyCount "118"]
[EventDate "2013.10.20"]
[EventType "team-swiss"]
[EventRounds "7"]
[EventCountry "GRE"]
[SourceTitle "CBM 157"]
[Source "ChessBase"]
[SourceDate "2013.11.12"]
[SourceVersion "1"]
[SourceVersionDate "2013.11.12"]
[SourceQuality "1"]
[WhiteTeam "Edinburgh"]
[BlackTeam "Istogu"]
[WhiteTeamCountry "SCO"]
[BlackTeamCountry "SRB"]

1. e4 e5 2. Nf3 Qe7 3. Bc4 d6 4. d4 h6 5. 0-0 Nf6 6. Nc3 c6 7. h3 b5 8. Bd3 a6 9. a4 Bb7 10. Ne2 Qc7 11. Ng3 exd4 12. e5 dxe5 13. Nxe5 Bd6 14. Ng4 Nbd7 15. Re1+ Kf8 16. Nf5 Re8 17. Rxe8+ Nxe8 18. Nxd4 h5 19. Ne3 Ne5 20. Bf1 g6 21. b3 Nf6 22. Bb2 c5 23. Ndf5 gxf5 24. Nxf5 Be7 25. Qe2 Be4 26. Ng3 Nf3+ 27. gxf3 Bc6 28. axb5 axb5 29. Be5 Qc8 30. h4 Rg8 31. Re1 Qd7 32. Bf4 Rg6 33. Bg5 Ng8 34. Bxe7+ Nxe7 35. Bg2 Re6 36. Qd1 Rxe1+ 37. Qxe1 Ng6 38. Nxh5 Nxh4 39. Qc1 Qd6 40. Qe3 Nf5 41. Qg5 Nd4 42. Qg7+ Ke7 43. Ng3 Qf4 44. Ne4 Bxe4 45. fxe4 b4 46. e5 Nxc2 47. e6 Kxe6 48. Bf1 Nd4 49. Bc4+ Ke7 50. Qh8 Nf3+ 51. Kg2 Qg4+ 52. Kf1 Nd2+ 53. Ke1 Nxc4 54. bxc4 Qe4+ 55. Kf1 Qxc4+ 56. Kg1 b3 57. Qe5+ Kd7 58. Qf5+ Kc7 59. Qe5+ Kb6 0-1

[Event "EU-Cup 29th"]
[Site "Rhodes"]
[Date "2013.10.22"]
[Round "3.3"]
[White "Ganaus, Hannes"]
[Black "Neave, George"]
[Result "1/2-1/2"]
[WhiteElo "2302"]
[BlackElo "2151"]
[PlyCount "111"]
[EventDate "2013.10.20"]
[EventType "team-swiss"]
[EventRounds "7"]
[EventCountry "GRE"]
[SourceTitle "CBM 157"]
[Source "ChessBase"]
[SourceDate "2013.11.12"]
[SourceVersion "1"]
[SourceVersionDate "2013.11.12"]
[SourceQuality "1"]
[WhiteTeam "Baden Invest"]
[BlackTeam "Edinburgh"]
[WhiteTeamCountry "AUT"]
[BlackTeamCountry "SCO"]

1. d4 Nf6 2. Nf3 g6 3. c4 c5 4. e3 Bg7 5. Nc3 0-0 6. Be2 cxd4 7. exd4 d5 8. 0-0 Nc6 9. Bg5 Be6 10. c5 Ne4 11. Be3 Nxc3 12. bxc3 b6 13. cxb6 axb6 14. Qd2 Na5 15. Bh6 Bg4 16. Bxg7 Kxg7 17. Ne5 Bxe2 18. Qxe2 Rc8 19. Rac1 Nc4 20. Rb1 Nxe5 21. Qxe5+ Kg8 22. Qe3 Rc6 23. Rb3 Qc7 24. Re1 Re6 25. Qd2 Rxe1+ 26. Qxe1 Ra8 27. Qb1 Ra6 28. Qb2 Qa7 29. a3 Qc7 30. h3 e6 31. g3 Qa7 32. h4 h5 33. Kh2 Kh7 34. Kg2 Kg8 35. Qc1 Ra4 36. Qb2 Ra6 37. Kh2 Kh7 38. Qc1 Ra4 39. Qf4 Kg8 40. Qd6 Ra6 41. a4 Kh7 42. Rb5 Qa8 43. Qf4 Qa7 44. Qd6 Qa8 45. Kg2 Kg7 46. Qc7 Qa7 47. Qd8 Qa8 48. Qd6 Qa7 49. Qe5+ Kh7 50. Qd6 Kg7 51. Qc6 Qa8 52. Qd7 Qa7 53. Qd8 Qa8 54. Qc7 Qa7 55. Qe5+ Kh7 56. Qd6 1/2-1/2

[Event "EU-Cup 29th"]
[Site "Rhodes"]
[Date "2013.10.21"]
[Round "2.3"]
[White "Neave, George"]
[Black "Delorme, Alban"]
[Result "0-1"]
[WhiteElo "2151"]
[BlackElo "2283"]
[PlyCount "54"]
[EventDate "2013.10.20"]
[EventType "team-swiss"]
[EventRounds "7"]
[EventCountry "GRE"]
[SourceTitle "CBM 157"]
[Source "ChessBase"]
[SourceDate "2013.11.12"]
[SourceVersion "1"]
[SourceVersionDate "2013.11.12"]
[SourceQuality "1"]
[WhiteTeam "Edinburgh"]
[BlackTeam "Sautron"]
[WhiteTeamCountry "SCO"]
[BlackTeamCountry "FRA"]

1. e4 c5 2. Nf3 b6 3. d4 cxd4 4. Nxd4 Bb7 5. Nc3 a6 6. Be3 e6 7. Qd2 Bb4 8. f3 Qc7 9. a3 Be7 10. 0-0-0 h5 11. Nb3 Nf6 12. Na4 d5 13. Nxb6 dxe4 14. Nxa8 Bxa8 15. Be2 0-0 16. f4 Nd5 17. Kb1 Nd7 18. c4 Nxe3 19. Qxe3 Rb8 20. Rd2 e5 21. g3 Nc5 22. Bd1 Nxb3 23. Bxb3 Bc5 24. Qc3 Bd4 25. Qc2 e3 26. Rdd1 Bxh1 27. Rxh1 Qb7 0-1

[Event "Edinburgh op"]
[Site "Edinburgh"]
[Date "2012.03.31"]
[Round "2"]
[White "Bhopal, Raj"]
[Black "Neave, George"]
[Result "1-0"]
[WhiteElo "1808"]
[BlackElo "2142"]
[PlyCount "89"]
[EventDate "2012.03.30"]
[EventType "swiss"]
[EventRounds "5"]
[EventCountry "SCO"]
[SourceTitle "EXT 2014"]
[Source "ChessBase"]
[SourceDate "2013.11.20"]
[SourceVersion "1"]
[SourceVersionDate "2013.11.20"]
[SourceQuality "1"]

1. d4 Nf6 2. Nf3 g6 3. Bf4 Bg7 4. e3 0-0 5. Be2 d6 6. 0-0 c5 7. Nbd2 cxd4 8. exd4 Nc6 9. c3 Nh5 10. Be3 e5 11. dxe5 dxe5 12. Ng5 Nf4 13. Bxf4 exf4 14. Ndf3 h6 15. Qxd8 Rxd8 16. Ne4 Re8 17. Bd3 Bf5 18. Nc5 Bxd3 19. Nxd3 g5 20. h3 Rad8 21. Rfd1 b6 22. Kf1 Re7 23. Rd2 Na5 24. Nb4 Red7 25. Rad1 Rxd2 26. Rxd2 Rxd2 27. Nxd2 f5 28. f3 Kf7 29. Nd5 Be5 30. Ke2 Ke6 31. Nb4 Kd6 32. Kd3 Bg7 33. Nc4+ Nxc4 34. Kxc4 a5 35. Nc2 Kc6 36. Nd4+ Bxd4 37. Kxd4 Kd6 38. a4 Ke6 39. b4 Kd6 40. Kd3 Kd5 41. c4+ Ke5 42. c5 axb4 43. cxb6 Kd6 44. Kc4 Kc6 45. a5 1-0

[Event "Dundee & Angus op"]
[Site "Dundee"]
[Date "2010.10.17"]
[Round "5"]
[White "MacQueen, Calum"]
[Black "Neave, George"]
[Result "1/2-1/2"]
[WhiteElo "2106"]
[BlackElo "2174"]
[PlyCount "110"]
[EventDate "2010.10.15"]
[EventType "swiss"]
[EventRounds "5"]
[EventCountry "SCO"]
[SourceTitle "EXT 2017"]
[Source "ChessBase"]
[SourceDate "2016.10.25"]
[SourceVersion "1"]
[SourceVersionDate "2016.10.25"]
[SourceQuality "1"]

1. d4 Nf6 2. c4 g6 3. Nc3 Bg7 4. e4 d6 5. Nf3 0-0 6. Be2 e5 7. Be3 Na6 8. 0-0 exd4 9. Nxd4 c6 10. Nc2 Re8 11. f3 Nc7 12. Qd2 d5 13. cxd5 cxd5 14. Rad1 Be6 15. e5 Nd7 16. f4 f6 17. exf6 Nxf6 18. Nd4 Qd7 19. Nf3 a6 20. Ne5 Qe7 21. Bf3 Rad8 22. Qf2 Nd7 23. Nxd7 Rxd7 24. Bd4 Qf7 25. Bxg7 Kxg7 26. Rd4 Red8 27. Rfd1 Ne8 28. Qe3 Nf6 29. h3 Bf5 30. g4 Bc2 31. Rc1 Re8 32. Qf2 Be4 33. Rcd1 Bxf3 34. Qxf3 Rde7 35. Nxd5 Nxd5 36. Qxd5 Qf6 37. g5 Qb6 38. R1d2 Qc7 39. Qc4 Re1+ 40. Kf2 Qb6 41. Kg2 R1e7 42. Qd3 Kf7 43. Rf2 Re3 44. Qc4+ Kg7 45. Rd5 Qe6 46. Qd4+ Kg8 47. f5 gxf5 48. Rdxf5 Qe4+ 49. Qxe4 R3xe4 50. Kg3 Kg7 51. h4 h5 52. g6 Rg4+ 53. Kh3 Re3+ 54. R2f3 Rxf3+ 55. Rxf3 Rxg6 1/2-1/2

[Event "SCO-ch"]
[Site "Edinburgh"]
[Date "2009.07.18"]
[Round "8"]
[White "Neave, George"]
[Black "Donohue, Tom"]
[Result "1-0"]
[WhiteElo "2090"]
[BlackElo "1925"]
[PlyCount "117"]
[EventDate "2009.07.11"]
[EventType "swiss"]
[EventRounds "9"]
[EventCountry "SCO"]
[SourceTitle "CBM 131 Extra"]
[Source "ChessBase"]
[SourceDate "2009.09.03"]
[SourceVersion "2"]
[SourceVersionDate "2009.09.16"]
[SourceQuality "1"]

1. c4 e5 2. Nc3 Nf6 3. Nf3 Nc6 4. g3 d5 5. cxd5 Nxd5 6. Bg2 Nb6 7. 0-0 Be7 8. d3 0-0 9. a3 a5 10. Be3 Be6 11. Rc1 Nd5 12. Nxd5 Bxd5 13. Qa4 Rb8 14. Qb5 Bxf3 15. Bxf3 Bd6 16. Rc2 Nd4 17. Bxd4 exd4 18. Qxa5 Qf6 19. Qb5 c5 20. Qb6 Rfe8 21. a4 Qe5 22. a5 Re6 23. Qb5 Re7 24. Qc4 Ra8 25. Ra1 Ra7 26. b3 h5 27. Qd5 Qxd5 28. Bxd5 Re8 29. Rca2 Rea8 30. Ra4 Bc7 31. a6 Rxa6 32. Bxb7 Rxa4 33. bxa4 Ra7 34. Bc6 Ba5 35. Rb1 Bb4 36. e3 dxe3 37. fxe3 Re7 38. Kf2 Bd2 39. Rb8+ Kh7 40. e4 Ra7 41. Rd8 Bc3 42. Kf3 g6 43. Rd5 Bb4 44. Ke2 Kg7 45. Kd1 Kf8 46. Kc2 Ra6 47. Bd7 Rf6 48. Kb3 Rf2 49. d4 Ke7 50. dxc5 Bxc5 51. Rxc5 Kxd7 52. Rc2 Rf1 53. a5 Re1 54. Rc4 Rb1+ 55. Ka4 Rb2 56. h4 f6 57. a6 g5 58. Ka5 Rb3 59. a7 1-0

[Event "Perth op"]
[Site "Perth"]
[Date "2009.02.01"]
[Round "5"]
[White "Neave, George"]
[Black "Grant, Alan"]
[Result "1/2-1/2"]
[WhiteElo "2059"]
[BlackElo "2221"]
[PlyCount "66"]
[EventDate "2009.01.30"]
[EventType "swiss"]
[EventRounds "5"]
[EventCountry "SCO"]
[SourceTitle "EXT 2011"]
[Source "ChessBase"]
[SourceDate "2010.11.26"]
[SourceVersion "1"]
[SourceVersionDate "2010.11.26"]
[SourceQuality "1"]

1. e4 c5 2. Nf3 e6 3. d4 cxd4 4. Nxd4 Nc6 5. Nc3 Qc7 6. Be3 a6 7. Qd2 Nf6 8. 0-0-0 Bb4 9. f3 Ne7 10. Nde2 d5 11. Bg5 dxe4 12. Bxf6 gxf6 13. Qd4 exf3 14. Qxb4 fxe2 15. Bxe2 f5 16. Rd6 Bd7 17. Rhd1 Bc6 18. Bf3 Rc8 19. Bxc6+ bxc6 20. Qd4 Ng6 21. Qg7 Ke7 22. g4 Rcd8 23. Rxd8 Rxd8 24. Rxd8 Kxd8 25. Qd4+ Kc8 26. gxf5 exf5 27. Qc4 Qxh2 28. Qxc6+ Kd8 29. b3 Qe5 30. Qa8+ Ke7 31. Nd5+ Kd6 32. Qd8+ Kc6 33. Nb4+ Kb5 1/2-1/2